MARC details
| 000 -LEADER |
| fixed length control field |
01805pam a2200397 a 4500 |
| 001 - CONTROL NUMBER |
| control field |
sjds119948 |
| 003 - CONTROL NUMBER IDENTIFIER |
| control field |
sjds |
| 005 - DATE AND TIME OF LATEST TRANSACTION |
| control field |
20170615160625.0 |
| 008 - FIXED-LENGTH DATA ELEMENTS--GENERAL INFORMATION |
| fixed length control field |
920131s1992 onca j 000 1 eng c |
| 010 ## - LIBRARY OF CONGRESS CONTROL NUMBER |
| Canceled/invalid LC control number |
920936342 |
| 020 ## - INTERNATIONAL STANDARD BOOK NUMBER |
| International Standard Book Number |
1895565014 (pbk.) |
| 020 ## - INTERNATIONAL STANDARD BOOK NUMBER |
| International Standard Book Number |
9781895565010 (pbk.) |
| 020 ## - INTERNATIONAL STANDARD BOOK NUMBER |
| International Standard Book Number |
9781895565010 ; |
| Terms of availability |
6.95 |
| 035 ## - SYSTEM CONTROL NUMBER |
| System control number |
(OCoLC)25550157 |
| 040 ## - CATALOGING SOURCE |
| Original cataloging agency |
CaOTU |
| Language of cataloging |
eng |
| Transcribing agency |
CaOTU |
| Modifying agency |
CaOONL |
| -- |
UtOrBLW |
| 041 1# - LANGUAGE CODE |
| Language code of text/sound track or separate title |
spa |
| Language code of original |
eng |
| 049 ## - LOCAL HOLDINGS (OCLC) |
| Holding library |
IFAA |
| 099 ## - LOCAL FREE-TEXT CALL NUMBER (OCLC) |
| Classification number |
ESPANOL PICTURE BOOKS MUNSCH |
| 999 ## - SYSTEM CONTROL NUMBERS (KOHA) |
| Koha Dewey Subclass [OBSOLETE] |
ESPANOL PICTURE BOOKS MUNSCH |
| 100 1# - MAIN ENTRY--PERSONAL NAME |
| Personal name |
Munsch, Robert N., |
| Dates associated with a name |
1945- |
| Relator term |
author. |
| 240 10 - UNIFORM TITLE |
| Uniform title |
<a href="Love you forever.">Love you forever.</a> |
| Language of a work |
Spanish |
| 245 10 - TITLE STATEMENT |
| Title |
Siempre te querre / |
| Statement of responsibility, etc. |
cuento por Robert Munsch ; ilustraciones por Sheila McGraw. |
| 260 ## - PUBLICATION, DISTRIBUTION, ETC. (IMPRINT) |
| Place of publication, distribution, etc. |
Willowdale, Ont. : |
| Name of publisher, distributor, etc. |
Firefly, |
| Date of publication, distribution, etc. |
1992. |
| 264 #1 - PRODUCTION, PUBLICATION, DISTRIBUTION, MANUFACTURE, AND COPYRIGHT NOTICE |
| Place of production, publication, distribution, manufacture |
Willowdale, Ont. : |
| Name of producer, publisher, distributor, manufacturer |
Firefly, |
| Date of production, publication, distribution, manufacture, or copyright notice |
1992. |
| 300 ## - PHYSICAL DESCRIPTION |
| Extent |
30 unnumbered pages : |
| Other physical details |
color illustrations ; |
| Dimensions |
21 cm |
| 336 ## - CONTENT TYPE |
| Content type term |
text |
| Content type code |
txt |
| Source |
rdacontent |
| 337 ## - MEDIA TYPE |
| Media type term |
unmediated |
| Media type code |
n |
| Source |
rdamedia |
| 338 ## - CARRIER TYPE |
| Carrier type term |
volume |
| Carrier type code |
nc |
| Source |
rdacarrier |
| 500 ## - GENERAL NOTE |
| General note |
Translation of: Love you forever. |
| 520 ## - SUMMARY, ETC. |
| Summary, etc. |
Una mujer joven carga su hijito recien nacido y lo contempla con amor. Dulcemente le canta: para siempre te amare, para siempre te querre, mientras en mi haya vida, siempre sera mi bebe. Este es la historia que cuenta como aquel ninito pasa por las etapas de la ninez hasta que llega a ser un hombre. Es tambien acerca del amor para siempre de los padres, y como este amor trasciende de una generacion a otra. Siempre te querre es un libro tanto para los adultos como para los ninos...y divertira sin cansar. |
| 526 0# - STUDY PROGRAM INFORMATION NOTE |
| Program name |
Accelerated Reader |
| Interest level |
LG |
| Reading level |
3.4 |
| Title point value |
0.5 |
| Public note |
8019SP |
| 650 #0 - SUBJECT ADDED ENTRY--TOPICAL TERM |
| Topical term or geographic name as entry element |
Parent and child |
| Form subdivision |
Juvenile fiction. |
| 650 #7 - SUBJECT ADDED ENTRY--TOPICAL TERM |
| Topical term or geographic name as entry element |
Padres e hijos |
| Form subdivision |
Novela juvenil. |
| Source of heading or term |
bidex |
| 700 1# - ADDED ENTRY--PERSONAL NAME |
| Personal name |
McGraw, Sheila. |
| 942 ## - ADDED ENTRY ELEMENTS (KOHA) |
| Koha item type |
Libro/Book |